[Event "2nd Bundesliga West 2005-6"]
[Site "Austria AUT"]
[Date "2005.10.09"]
[Round "2"]
[White "Proehl,H"]
[Black "Wegerle,J"]
[Result "1-0"]
[WhiteElo "2397"]
[BlackElo "2417"]

1.e4 e6 2.d4 d5 3.Nd2 Be7 4.Ngf3 Nf6 5.Bd3 c5 6.exd5 exd5 7.dxc5 Bxc5 8.O-O O-O
9.Nb3 Bb6 10.Bg5 Nc6 11.Re1 Bg4 12.c3 Qd6 13.Be3 Rfe8 14.Bxb6 axb6 15.Be2 Re7
16.h3 Bh5 17.Nfd4 Bg6 18.Bb5 Rae8 19.Rxe7 Rxe7 20.Qf1 h6 21.Rd1 Qc7 22.Be2 Qf4
23.Bf3 Ne5 24.Qb5 Nc4 25.Nc1 Qd6 26.Nde2 Bc2 27.Rd4 Qc5 28.Qb4 Be4 29.Bxe4 Qxb4
30.cxb4 Rxe4 31.b3 Na3 32.f3 Re8 33.Rd2 Rc8 34.Kf2 Kf8 35.Nd3 Ke7 36.g4 Rc2
37.Ke1 Rxd2 38.Kxd2 Nb5 39.a4 Nc7 40.Nd4 g6 41.a5 bxa5 42.bxa5 Nd7 43.b4 Kd6
44.f4 Ne6 45.Kc3 Nc7 46.b5 Ne6 47.Nf3 g5 48.Nd4 Nxf4 49.Nf5+ Ke6 50.a6 bxa6
51.Nxf4+ gxf4 52.bxa6 Ke5 53.a7 Nb6 54.Nxh6 Ke4 55.Kd2 f3 56.Nf5 Kf4 57.Ke1 Na8
58.Kf2 Ke4  1-0

[Event "TCh-BEL 2005-6"]
[Site "Belgium BEL"]
[Date "2005.10.09"]
[Round "1"]
[White "Jens,J"]
[Black "Haberkorn,D"]
[Result "1-0"]
[WhiteElo "2366"]
[BlackElo "2132"]

1.e4 e6 2.d4 d5 3.Nd2 Be7 4.Bd3 c5 5.dxc5 Nf6 6.Qe2 Nc6 7.Ngf3 Nb4 8.Nb3 Nxd3+
9.cxd3 a5 10.Bg5 a4 11.Nbd2 b6 12.cxb6 Ba6 13.e5 Nd7 14.Bxe7 Kxe7 15.Qe3 Qxb6
16.Qxb6 Nxb6 17.Ke2 Rac8 18.Rhc1 f6 19.Rc3 Nd7 20.exf6+ gxf6 21.Rac1 Rxc3
22.Rxc3 Rb8 23.b3 Rb6 24.Ne1 Kd6 25.f3 e5 26.Nc2 Nc5 27.b4 Ne6 28.g3 Nd4+
29.Nxd4 exd4 30.Rc1 Rxb4 31.Rb1 Kc5 32.a3 Rxb1 33.Nxb1 Kd6 34.Nd2 Ke5 35.f4+ Kf5
36.h3 h5 37.Nf3 Kg6 38.Nxd4 h4 39.g4  1-0

[Event "5th ch-Asian"]
[Site "Hyderabad IND"]
[Date "2005.10.10"]
[Round "5"]
[White "Zhou Weiqi"]
[Black "Yu Shaoteng"]
[Result "0-1"]
[WhiteElo "2416"]
[BlackElo "2516"]

1.e4 e6 2.d4 d5 3.Nd2 Be7 4.e5 Nh6 5.Bd3 c5 6.c3 Nc6 7.Ne2 cxd4 8.cxd4 Nf5
9.Nf3 Bd7 10.g4 Nh4 11.Nxh4 Bb4+ 12.Kf1 Qxh4 13.Rg1 h5 14.Be3 hxg4 15.Nf4 g5
16.Rxg4 Qxh2 17.Ng2 Be7 18.f3 O-O-O 19.Rc1 Kb8 20.Bf2 Rc8 21.Bg3 Qh3 22.Kf2 Ka8
23.Bf1 Qh6 24.Ne3 f5 25.exf6 Bxf6 26.Bb5 Qg7 27.Rc3 Nb8 28.Bxd7 Qxd7 29.Rxc8 Rxc8
30.f4 gxf4 31.Rxf4 Bg7 32.Kg2 Nc6 33.Qg4 Bh6 34.Rf3 Ne7 35.Qh5 Bxe3 36.Rxe3 Nf5
37.Rc3 Rg8 38.Qd1 Nd6 39.Qf1 Ne4 40.Rf3 Qg7 41.Qd3 Qh6 42.Qe3 Ng5 43.Kf2 Qh5  0-1

[Event "5th ch-Asian"]
[Site "Hyderabad IND"]
[Date "2005.10.14"]
[Round "8"]
[White "Neelotpal,D"]
[Black "Ganguly,S"]
[Result "0-1"]
[WhiteElo "2509"]
[BlackElo "2562"]

1.e4 e6 2.d4 d5 3.Nd2 Be7 4.Ngf3 Nf6 5.Bd3 c5 6.e5 Nfd7 7.c3 Nc6 8.a3 Qb6
9.Qa4 a6 10.b4 cxb4 11.cxb4 Nxd4 12.Bb2 Nxf3+ 13.Nxf3 O-O 14.Qc2 h6 15.Bd4 Qd8
16.Qd2 a5 17.O-O b6 18.Be3 Ba6 19.b5 Bb7 20.Bxh6 Nc5 21.Bf4 d4 22.Rad1 Bxf3
23.gxf3 Nxd3 24.Qxd3 Rc8 25.a4 Rc3 26.Qxd4 Qxd4 27.Rxd4 Bc5 28.Re4 Rxf3 29.Kg2 Rd3
30.Bg5 Rd5 31.Rg4 Kh7 32.Re1 Bd4 33.Be3 Rfd8 34.Rh4+ Kg8 35.Bxd4 Rxd4 36.Ree4 Rxe4
37.Rxe4 Rd3 38.Rc4 Ra3 39.f3 Re3 40.Rc6 Rxe5 41.Rxb6 Re2+ 42.Kg3 Ra2 43.Ra6 Rxa4
44.b6 Kh7 45.b7 Rb4 46.Rxa5 Rxb7 47.h4 Rb4 48.Rh5+ Kg6 49.Rg5+ Kf6 50.Ra5 Rd4
51.Ra6 Rd1 52.Ra5 Rd7 53.Rb5 g6 54.Ra5 e5 55.Kg4 Rd4+ 56.Kg3 Kf5 57.Ra7 f6
58.Ra5 Rd3 59.Rb5 Ke6 60.Rb6+ Rd6 61.Rb8 Ra6 62.Rg8 Kf5 63.Rb8 Ra5 64.Rb4 Rd5
65.Ra4 Ke6 66.Ra8 Rd3 67.Ra6+ Rd6 68.Ra5 f5 69.Ra8 Rb6 70.Rg8 Kf7 71.Ra8 Rb2
72.Ra7+ Kf6 73.Ra6+ Kg7 74.Re6 Re2 75.Kh3 Re3 76.Kg2 e4 77.fxe4 Rxe4  0-1

[Event "5th ch-Asian"]
[Site "Hyderabad IND"]
[Date "2005.10.15"]
[Round "9"]
[White "Ramesh,R"]
[Black "Reefat,S"]
[Result "1-0"]
[WhiteElo "2487"]
[BlackElo "2484"]

1.e4 e6 2.d4 d5 3.Nd2 Be7 4.Ngf3 Nf6 5.e5 Nfd7 6.Bd3 c5 7.c3 Nc6 8.O-O a5
9.Re1 cxd4 10.cxd4 a4 11.Nb1 Nb6 12.Nc3 Bd7 13.a3 Na5 14.Bc2 Nac4 15.Rb1 Bc6
16.Rf1 Qd7 17.Ng5 h6 18.Nh3 O-O-O 19.Nf4 g5 20.Nh5 Nxe5 21.dxe5 d4 22.Qg4 dxc3
23.bxc3 Nd5 24.Bb2 Qc7 25.Bxa4 Bxa4 26.Qxa4 Nb6 27.Qe4 Nc4 28.Bc1 Rd5 29.f4 Rhd8
30.h3 Rd1 31.Ng3 Qc6 32.Qe2 Rxf1+ 33.Nxf1 gxf4 34.Bxf4 Bxa3 35.Bxh6 Rd5 36.Bf4 Qc5+
37.Kh2 Qc6 38.Ne3 Nxe3 39.Qxe3 Qc4 40.Bg3 Rc5 41.Qg5 Rc7 42.Qg8+ Kd7 43.Qxf7+  1-0

[Event "SCG First League m"]
[Site "Vrnjacka Banja SCG"]
[Date "2005.10.17"]
[Round "1"]
[White "Popadic,Dr"]
[Black "Zvjaginsev,V"]
[Result "0-1"]
[WhiteElo "2287"]
[BlackElo "2659"]

1.e4 e6 2.d4 d5 3.Nd2 a6 4.Ngf3 c5 5.exd5 exd5 6.Bd3 c4 7.Be2 Bd6 8.b3 cxb3
9.axb3 Nc6 10.O-O Nge7 11.c4 O-O 12.Bb2 Bf5 13.Nh4 Be6 14.Bd3 Ng6 15.Nxg6 hxg6
16.Nf3 Qf6 17.h3 Rad8 18.c5 Bxc5 19.Bxa6 bxa6 20.Rc1 Bxh3 21.gxh3 Bb4 22.Kg2 Rfe8
23.Bc3 Bxc3 24.Rxc3 Re4 25.Rd3 Rde8 26.Qa1 a5 27.Rc1 Rf4 28.Rc5 Qf5 29.Qd1 Nd8
30.Rxa5 Ne6 31.Re3 Re4 32.Rxe4 Qxe4 33.Ra2 Nf4+ 34.Kg3 Ne2+ 35.Kg2 Nc3  0-1

[Event "Independence Day Women"]
[Site "Sheki AZE"]
[Date "2005.10.20"]
[Round "6"]
[White "Makropoulou,M"]
[Black "Zhukova,N"]
[Result "1/2-1/2"]
[WhiteElo "2287"]
[BlackElo "2466"]

1.e4 e6 2.d4 d5 3.Nd2 Nc6 4.Ngf3 Nf6 5.e5 Nd7 6.c3 f6 7.exf6 Qxf6 8.Bb5 Bd6
9.Nf1 e5 10.dxe5 Ncxe5 11.Nxe5 Bxe5 12.Ng3 c6 13.Bd3 O-O 14.O-O Bc7 15.Qh5 g6
16.Qg5 Ne5 17.Qxf6 Rxf6 18.Bg5 Rf7 19.Bc2 Bd7 20.Rae1 Ng4 21.Bd1 Bb6 22.Bf3 Raf8
23.Re2 Kg7 24.Rfe1 h6 25.Bd2 h5 26.Bg5 h4 27.Bxh4 Rh8 28.Bg5 Nxh2 29.Nh5+ gxh5
30.Kxh2 h4 31.Re7 Bxf2 32.Rxf7+ Kxf7 33.Re7+ Kg6 34.Rxd7 Kxg5 35.Rxb7 Re8
36.Rg7+ Kf6 37.Rh7 Re1 38.Kh3 Rb1 39.b3 Rc1 40.c4 d4 41.Rxa7 d3 42.Rd7 Rc3
43.Kg4 c5 44.Rd6+ Ke7 45.Rd5 Bd4 46.Kxh4 d2 47.Bg4 Re3 48.Kh5 Re4 49.Bf3 Rf4
50.Be2 Rf2 51.Bd1 Rf1 52.Be2 Rh1+ 53.Kg4 d1=Q 54.Bxd1 Rxd1 55.a3 Rc1 56.b4 Rxc4
57.bxc5 Bxc5+ 58.Kf5 Bxa3 59.g4 Bc1 60.Re5+ Kf7 61.Re4 Rc2 62.Ra4 Rf2+ 63.Ke5 Kg6
64.Kd5 Kg5 65.Re4 Bf4 66.Re8 Rd2+ 67.Kc4 Kxg4 68.Kc3 Kf3 69.Kc4 Rd7 70.Re6 Kg4
71.Re8 Kf5 72.Kc5 Be5 73.Kc4 Ke4 74.Rc8 Rd2 75.Re8 Rc2+ 76.Kb3 Rc1 77.Rg8 Kd3
78.Kb4 Bd6+ 79.Kb5 Kd4 80.Rg2 Be5 81.Rd2+ Ke4 82.Rd7 Kf5 83.Re7 Rc8 84.Kb6 Kf6
85.Rd7 Ke6 86.Rd1 Bd6 87.Kb5 Rc5+ 88.Ka4 Rc3 89.Kb5 Rc2 90.Rd3 Kd7 91.Rd5 Rc8
92.Rh5 Ke6 93.Rh1 Rc5+ 94.Ka4 Rc3 95.Kb5 Kd7 96.Rh7+ Be7 97.Rh5 Rc8 98.Rf5 Ke6
99.Rf1 Rc5+ 100.Ka4 Bf6 101.Rd1 Rc2 102.Kb3 Rb2+ 103.Kc4 Be5 104.Rd8 Kf5
105.Rd1 Rc2+ 106.Kb3 Rc8 107.Re1 Rd8 108.Kc4 Rd4+ 109.Kc5 Ke6 110.Re2 Rd1
111.Kc4 Rc1+ 112.Kd3 Kd5 113.Ke3 Rc3+ 114.Kf2 Rh3 115.Kg2 Rh7 116.Re1 Rg7+
117.Kf3  1/2-1/2

[Event "II Open"]
[Site "Calvia ESP"]
[Date "2005.10.22"]
[Round "2"]
[White "Galiana,J"]
[Black "Libiszewski,F"]
[Result "0-1"]
[WhiteElo "2239"]
[BlackElo "2459"]

1.e4 e6 2.d4 d5 3.Nd2 Be7 4.Ngf3 Nf6 5.e5 Nfd7 6.Bd3 c5 7.c3 Nc6 8.b3 Qb6
9.Bb2 g5 10.h4 g4 11.Ng5 h5 12.c4 Nxd4 13.cxd5 Nxe5 14.Nc4 Nxc4 15.Bxd4 Qa5+
16.Ke2 cxd4 17.Bxc4 e5 18.Nxf7 Kxf7 19.d6+ Be6 20.Qd3 Bf6 21.Rhc1 e4 22.Bxe6+ Kxe6
23.Qc4+ Qd5 24.Qb4 d3+ 25.Kf1 Bxa1 26.Rc4 d2  0-1

[Event "Chigorin Mem"]
[Site "St Petersburg RUS"]
[Date "2005.10.23"]
[Round "9"]
[White "Kornev,Alexei"]
[Black "Kashtanov,R"]
[Result "1/2-1/2"]
[WhiteElo "2578"]
[BlackElo "2353"]

1.e4 e6 2.d4 d5 3.Nd2 Nc6 4.Ngf3 Nf6 5.e5 Nd7 6.Bb5 a6 7.Ba4 b5 8.Bb3 Na5
9.c3 Nxb3 10.axb3 c5 11.dxc5 Nxc5 12.Qe2 b4 13.cxb4 Nd7 14.b5 Qb6 15.O-O Bb7
16.Nb1 Qxb5 17.Qxb5 axb5 18.Rxa8+ Bxa8 19.Nc3 b4 20.Nb5 Bb7 21.Be3 f6 22.Bd4 Be7
23.exf6 gxf6 24.Nc7+ Kf7 25.Ng5+ Kg6 26.Ngxe6 Bd6 27.Nb5 Bb8 28.Rc1 Kf5 29.Nec7 Ke4
30.Rd1 Bxc7 31.Nxc7 Rc8 32.Nb5 Rc6 33.Be3 Ba6 34.Rd4+ Ke5 35.Bf4+ Kf5 36.Nc7 Bb7
37.Nxd5 Ra6 38.g4+ Kxg4 39.Ne3+ Kf3 40.Rxd7 Ra1+ 41.Nd1 Be4 42.Bh6 Bc2  1/2-1/2

[Event "zt 3.3"]
[Site "Beijing CHN"]
[Date "2005.10.24"]
[Round "7"]
[White "Wei Chenpeng"]
[Black "Yu Shaoteng"]
[Result "0-1"]
[WhiteElo "2390"]
[BlackElo "2516"]

1.e4 e6 2.d4 d5 3.Nd2 Be7 4.Bd3 c5 5.dxc5 Nf6 6.Ngf3 dxe4 7.Nxe4 Nxe4 8.Bxe4 Qxd1+
9.Kxd1 Bxc5 10.Ke2 Nd7 11.c3 Nf6 12.Bd3 b6 13.Bb5+ Ke7 14.Ne5 Bb7 15.f3 Rhc8
16.a4 Nd5 17.h4 Bd6 18.Ng4 h5 19.Ne3 Nf4+ 20.Kf2 Bc5 21.Re1 Kf8 22.g3 Nd5
23.Ke2 Nf6 24.Nd1 Bd6 25.Kf2 Rd8 26.Bg5 Bc5+ 27.Ke2 Rac8 28.b3 Bd6 29.Kf2 Rc5
30.Be2 Be5 31.Rc1 Rdc8 32.c4 Nd5 33.Kg2 Bd4 34.Bd2 R5c7 35.Rb1 Ne7 36.Ne3 Rd7
37.Red1 Rcd8 38.Nc2 Nf5 39.Bb4+ Kg8 40.a5 e5 41.Bd3 Bc5 42.Bxc5 Rxd3 43.Rxd3 Rxd3
44.Ne1 Rd2+ 45.Bf2 e4 46.axb6 axb6  0-1

[Event "zt 3.3 w"]
[Site "Beijing CHN"]
[Date "2005.10.25"]
[Round "9"]
[White "Hou Yifan"]
[Black "Gong Qianyun"]
[Result "1-0"]
[WhiteElo "2220"]
[BlackElo "2374"]

1.e4 e6 2.d4 d5 3.Nd2 Be7 4.Bd3 c5 5.dxc5 Nf6 6.Ngf3 O-O 7.O-O Nc6 8.exd5 exd5
9.Nb3 a5 10.a4 Bg4 11.Be2 Ne4 12.Be3 Bf6 13.c3 Re8 14.Nfd4 Bxe2 15.Nxe2 Qe7
16.Nf4 Be5 17.Qxd5 Bc7 18.Qf5 g6 19.Qh3 Rad8 20.g3 Ne5 21.Qg2 Nc4 22.Rae1 f5
23.Bd4 Bxf4 24.gxf4 Qf7 25.Re2 Nf6 26.Rfe1 Nxb2 27.Nxa5 Nd3 28.Rxe8+ Nxe8
29.Re3 Nxc5 30.Qg5 Rc8 31.Re7 h6 32.Rxf7 hxg5 33.Re7 Kf8 34.Re5 Nxa4 35.Nxb7 Nxc3
36.Nc5 Na2 37.Ne6+ Ke7 38.fxg5 Kd6 39.Nf4 Rc4 40.Rxe8 Rxd4 41.Nxg6 Rg4+ 42.Kf1 Ra4
43.Rf8 Nc3 44.Rf6+ Kd7 45.Rxf5 Ne4 46.h4 Ke6 47.Re5+  1-0

[Event "II Open"]
[Site "Calvia ESP"]
[Date "2005.10.26"]
[Round "7"]
[White "Munar Rossello,P"]
[Black "Pont Mulet,A"]
[Result "1-0"]
[WhiteElo "2083"]
[BlackElo "2196"]

1.e4 e6 2.d4 d5 3.Nd2 Nc6 4.Ngf3 Nf6 5.e5 Nd7 6.Be2 f6 7.exf6 Qxf6 8.Nf1 Bd6
9.Ne3 O-O 10.O-O Kh8 11.b3 a5 12.Bb2 b6 13.c4 dxc4 14.Nxc4 Qe7 15.Nxd6 Qxd6
16.Ng5 Nb4 17.Qb1 Nf6 18.d5 Nbxd5 19.Bc4 Qe7 20.Re1 c6 21.a4 Rd8 22.Qd3 h6
23.Qh3 Nf4 24.Qh4 Ng6 25.Bxf6 Qxf6 26.Nf7+  1-0

[Event "zt 2.4"]
[Site "Sao Paulo BRA"]
[Date "2005.10.26"]
[Round "5"]
[White "Zambrana,O"]
[Black "Assumpcao,R"]
[Result "0-1"]
[WhiteElo "2409"]
[BlackElo "2364"]

1.e4 e6 2.d4 d5 3.Nd2 Be7 4.Bd3 c5 5.dxc5 Nc6 6.Ngf3 Bxc5 7.O-O Nf6 8.Qe2 O-O
9.c3 h6 10.Bc2 Re8 11.e5 Nd7 12.Nb3 Bf8 13.Bf4 f5 14.h4 Be7 15.h5 Nf8 16.Rad1 Qb6
17.Kh1 Bd8 18.Rg1 Qc7 19.g4 Qf7 20.Nfd4 Kh8 21.g5 hxg5 22.Bxg5 Nxe5 23.Qxe5 Bc7
24.Qe2 e5 25.Nb5 f4 26.h6 Ne6 27.Nxc7 Nxc7 28.hxg7+ Kg8 29.f3 Qh5+ 30.Qh2 Qxf3+
31.Rg2 Bh3 32.Kg1 Qxg2+ 33.Qxg2 Bxg2 34.Kxg2 Kxg7 35.Re1 b6 36.Nc1 Kf7 37.Nd3 f3+
38.Kf2 e4 39.Nb4 Rg8 40.Rg1 Ne6 41.Be3 Rxg1 42.Kxg1 Nc7 43.Bb3 Ke6 44.Bf4 a5
45.Bxc7 axb4 46.Bxb6 Rc8 47.Bd4 bxc3 48.bxc3 Rg8+ 49.Kf1 Rg2 50.c4 dxc4 51.Bxc4+ Kf5
52.a4 Kf4 53.Bb6 Rc2 54.Bb3 Rc3 55.Bd5 e3  0-1

[Event "5th Rohde Open"]
[Site "Sautron FRA"]
[Date "2005.10.27"]
[Round "6"]
[White "Monroy,C"]
[Black "Potkin,V"]
[Result "1/2-1/2"]
[WhiteElo "2345"]
[BlackElo "2555"]

1.e4 e6 2.d4 d5 3.Nd2 a6 4.Ngf3 c5 5.exd5 exd5 6.c3 Nf6 7.Bd3 Bd6 8.O-O O-O
9.dxc5 Bxc5 10.Nb3 Bb6 11.Bg5 h6 12.Bh4 Nc6 13.Bc2 g5 14.Bg3 Ne4 15.Nfd4 f5
16.Qh5 Qf6 17.Rad1 f4 18.Bxf4 Qxf4 19.Qg6+ Kh8 20.Qxh6+ Kg8 21.Qg6+ Kh8 22.f3 Nf6
23.Qh6+ Kg8 24.Qg6+ Kh8 25.Qh6+ Kg8 26.Qg6+  1/2-1/2

[Event "Corsica Masters Open"]
[Site "Bastia FRA"]
[Date "2005.10.31"]
[Round "3"]
[White "Meier,Geo"]
[Black "Socko,B"]
[Result "0-1"]
[WhiteElo "2411"]
[BlackElo "2610"]

1.e4 e6 2.d4 d5 3.Nd2 Be7 4.Ngf3 Nf6 5.e5 Nfd7 6.Bd3 c5 7.c3 Nc6 8.O-O g5
9.dxc5 Ndxe5 10.Nxe5 Nxe5 11.Bb5+ Bd7 12.Bxd7+ Qxd7 13.Nf3 Nxf3+ 14.Qxf3 e5
15.Be3 Qe6 16.c4 d4 17.Bxd4 exd4 18.Qxb7 Qc8 19.Qe4 Rb8 20.Rfe1 Qxc5 21.b4 Qc7
22.a3 Rd8 23.Rad1 Kf8 24.Rxd4 Kg7 25.Rxd8 Rxd8 26.h4 Bf6 27.hxg5 Bc3 28.Rc1 Qe5
29.Qxe5+ Bxe5 30.Re1 Bb2 31.Re7 Bxa3 32.Rxa7 Bxb4 33.Ra4 Bc5 34.Ra2 Rd4 35.g3 Kg6
36.Kg2 Kxg5 37.Rc2 Rd3 38.Re2 Kf6 39.Rc2 Bd4 40.Re2 Bc5 41.Rc2 Kf5 42.Kf1 Bd4
43.Kg2 Rc3 44.Rd2 Rxc4 45.Rd3 Bc5 46.Rf3+ Kg6 47.Kh3 Rc2 48.Kg2 f5 49.Rf4 Kg5
50.Rf3 h5 51.Rf4 Rd2 52.Rf3 Bd4 53.Rf4 h4  0-1

[Event "9th Bavarian Open"]
[Site "Bad Wiessee GER"]
[Date "2005.11.01"]
[Round "4"]
[White "Hedke,F"]
[Black "Schweiger,G"]
[Result "1-0"]
[WhiteElo "2339"]
[BlackElo "2181"]

1.e4 e6 2.d4 d5 3.Nd2 Nc6 4.c3 e5 5.exd5 Qxd5 6.Ngf3 exd4 7.Bc4 Qf5 8.cxd4 Bd7
9.Qe2+ Be7 10.Ne4 O-O-O 11.O-O Nf6 12.Ng3 Qa5 13.Bxf7 Bd6 14.Bd2 Bb4 15.Be3 Bg4
16.a3 Bd6 17.b4 Qa4 18.Bc4 Bxg3 19.hxg3 Rhe8 20.Qd3 Ne5 21.Nxe5 Rxe5 22.Rac1 Bf5
23.Qc3 Re7 24.Bg5 Qd7 25.Bxf6 gxf6 26.Rfd1 Kb8 27.Bb3 Bg4 28.Rd3 Rde8 29.Re3 Rxe3
30.fxe3 Qd6 31.Kf2 h5 32.Qc5 Rxe3 33.Kxe3 Qxg3+ 34.Kd2 Qf4+ 35.Kc2 Qf2+ 36.Kb1 Bf5+
37.Bc2  1-0

[Event "9th Bavarian Open"]
[Site "Bad Wiessee GER"]
[Date "2005.11.01"]
[Round "4"]
[White "Vysochin,S"]
[Black "Stark,L"]
[Result "1/2-1/2"]
[WhiteElo "2578"]
[BlackElo "2342"]

1.e4 e6 2.d4 d5 3.Nd2 Nc6 4.Ngf3 Nf6 5.e5 Nd7 6.Bd3 Nb4 7.Be2 c5 8.c3 Nc6
9.O-O a5 10.a4 cxd4 11.cxd4 Nb6 12.Nb3 Be7 13.Bd3 Nb4 14.Bb1 Bd7 15.Nc5 Bc6
16.Ne1 Nc4 17.Ncd3 b5 18.Qg4 g6 19.axb5 Bxb5 20.Bh6 a4 21.Nxb4 Bxb4 22.Bd3 Rb8
23.Ra2 Be7 24.Qh3 Rg8 25.Nc2 Bc6 26.Bc1 h5 27.Ne3 Na5 28.Bd2 Nb3 29.Bc3 Qb6
30.Nc2 Bb5 31.Qe3 Qa6 32.Ne1 Bc4 33.f4 Kd7 34.Rf2 Bxd3 35.Qxd3 Qxd3 36.Nxd3 Ra8
37.Rf1 Kc6 38.Kf2 Kb5 39.Ke3 h4 40.Nc1 Kc4 41.Ne2 Rgc8 42.Rd1 Kb5 43.Be1 Rc4
44.Rd3 Nc1 45.Nxc1 Rxc1 46.Bd2 Rc2 47.Rb3+ Kc6 48.Rc3+ Rxc3+ 49.Bxc3 Kb5
50.Kd3 Rc8 51.Bd2 Bb4 52.Be3 Be7 53.Ra1 Kb4 54.Ra3 Kb5 55.Ra1 Kb4 56.Ra3  1/2-1/2

[Event "9th Bavarian Open"]
[Site "Bad Wiessee GER"]
[Date "2005.11.03"]
[Round "6"]
[White "Naumann,A"]
[Black "Zill,C"]
[Result "1-0"]
[WhiteElo "2534"]
[BlackElo "2289"]

1.e4 e6 2.d4 d5 3.Nd2 Be7 4.Bd3 c5 5.dxc5 Nf6 6.Qe2 a5 7.Ngf3 Na6 8.Bb5+ Bd7
9.Bxd7+ Nxd7 10.exd5 exd5 11.c6 bxc6 12.Nd4 Qc7 13.O-O Qe5 14.Re1 O-O 15.Qxe5 Nxe5
16.Rxe5 Bf6 17.Nxc6  1-0

[Event "World Team Ch"]
[Site "Beer Sheva ISR"]
[Date "2005.11.03"]
[Round "3"]
[White "Wang Yu A"]
[Black "Roiz,M"]
[Result "1/2-1/2"]
[WhiteElo "2396"]
[BlackElo "2600"]

1.e4 e6 2.d4 d5 3.Nd2 a6 4.c3 c5 5.exd5 exd5 6.Ngf3 Nf6 7.Bd3 Nc6 8.dxc5 Bxc5
9.O-O O-O 10.Nb3 Bb6 11.Bg5 h6 12.Bh4 g5 13.Bg3 Ne4 14.Nfd4 f5 15.Nxc6 bxc6
16.Be5 Kh7 17.Bd4 c5 18.Bxe4 cxd4  1/2-1/2

[Event "65th ch-ITA"]
[Site "Cremona ITA"]
[Date "2005.11.03"]
[Round "11"]
[White "Godena,M"]
[Black "Contin,D"]
[Result "1-0"]
[WhiteElo "2502"]
[BlackElo "2385"]

1.e4 e6 2.d4 d5 3.Nd2 Be7 4.Bd3 c5 5.dxc5 Nf6 6.Qe2 O-O 7.Ngf3 a5 8.O-O Na6
9.e5 Nd7 10.c3 Naxc5 11.Bc2 a4 12.Nd4 f5 13.exf6 Nxf6 14.N2f3 a3 15.b4 Nce4
16.Ng5 Nxg5 17.Bxg5 Ra6 18.Rae1 Re8 19.f4 g6 20.Rf3 Nh5 21.Bxe7 Qxe7 22.Qf2 Qg7
23.Bb3 Bd7 24.Rfe3 Nf6 25.Qe2 Ne4 26.Rxe4 dxe4 27.Qxe4 Rb6 28.f5 gxf5 29.Nxf5 Qxc3
30.Nh6+ Kg7 31.Bc2 Rh8 32.Rf1 Be8 33.Qh4 Bg6 34.Ng4 Rg8 35.Bxg6 Qd4+ 36.Kh1 h5
37.Rf7+ Kxg6 38.Rf6+  1-0

[Event "Blitz Match"]
[Site "Prague CZE"]
[Date "2005.11.04"]
[Round "3"]
[White "Navara,D"]
[Black "Shirov,A"]
[Result "1/2-1/2"]
[WhiteElo "2646"]
[BlackElo "2710"]

1.e4 e6 2.d4 d5 3.Nd2 Be7 4.Bd3 dxe4 5.Nxe4 Nd7 6.Nf3 Ngf6 7.Qe2 c5 8.Nxf6+ Nxf6
9.Be3 O-O 10.dxc5 Nd5 11.O-O-O Qa5 12.Kb1 Nxe3 13.Qxe3 Qxc5 14.Qe4 f5 15.Qc4 Qxf2
16.Nd4 Bf6 17.Bxf5 Bxd4 18.Rhf1 Qh4 19.Rxd4 Qe7 20.Be4 Rxf1+ 21.Qxf1 e5 22.Rd2 Be6
23.Qd3 h6 24.Qd6 Re8 25.b3 Qxd6 26.Rxd6 b6 27.a4 Kf7 28.a5 bxa5 29.Ra6 Re7
30.Rxa5 Kf6 31.c4 Bf5 32.Bxf5 Kxf5 33.Kc2 Ke4 34.c5 Kd5 35.Kd3 e4+ 36.Ke3 Rb7
37.b4 Rxb4 38.Rxa7 g5 39.Rd7+ Kxc5 40.g4 Rb2 41.Kxe4  1/2-1/2

[Event "TCh-BEL 2005-6"]
[Site "Belgium BEL"]
[Date "2005.11.06"]
[Round "3"]
[White "Pucher,S"]
[Black "Marechal,A"]
[Result "1-0"]
[WhiteElo "2150"]
[BlackElo "2293"]

1.e4 e6 2.d4 d5 3.Nd2 Nc6 4.Ngf3 Nf6 5.e5 Nd7 6.Bd3 f6 7.exf6 Qxf6 8.c3 Bd6
9.Qc2 e5 10.dxe5 Ndxe5 11.O-O Bg4 12.Be2 O-O 13.Qb3 Be6 14.Qxb7 Rae8 15.Qb5 Kh8
16.Nd4 Nxd4 17.cxd4 Bd7 18.Qxd5 Nc6 19.Ne4 Rxe4 20.Qxe4 Nxd4 21.Bd3 Bf5 22.Qe3 Qh4
23.g3 Qf6 24.Bxf5 Nxf5 25.Qd3 Nd4 26.f4 Bc5 27.Be3 Rd8 28.Qc4 Qe7 29.Rae1 Qd6
30.Bxd4 Bxd4+ 31.Kg2 Qb6 32.Re2 Qb7+ 33.Rf3 c5 34.b3 h6 35.Qe6 Qb5 36.Qc4 Qb7
37.Qe6 Qb5 38.Qe4 a5 39.a4 Qb4 40.h4 Qb6 41.h5 Qa6 42.Qe6 Qb7 43.g4 Rf8 44.Qe4 Qd7
45.Kg3 Qc7 46.Qg6 Qb8 47.Re7 Rd8 48.g5 Rg8 49.gxh6 Qf8 50.hxg7+ Bxg7  1-0

[Event "World Team Ch"]
[Site "Beer Sheva ISR"]
[Date "2005.11.08"]
[Round "7"]
[White "Wang Yu A"]
[Black "Lputian,S"]
[Result "0-1"]
[WhiteElo "2396"]
[BlackElo "2614"]

1.e4 e6 2.d4 d5 3.Nd2 Be7 4.e5 c5 5.Qg4 Kf8 6.dxc5 Nc6 7.Qg3 f6 8.Ngf3 Nh6
9.Nb3 Nf5 10.Qf4 g5 11.Qd2 Nxe5 12.Nxe5 fxe5 13.Qe2 Bf6 14.Bd2 Kg7 15.g3 h6
16.Bg2 b6 17.O-O a5 18.cxb6 Qxb6 19.Rfb1 a4 20.Nc1 Ba6 21.Qd1 e4 22.c3 e3
23.Be1 Rad8 24.Qxa4 d4 25.c4 d3 26.Nxd3 Rxd3 27.c5 Qa7 28.Rd1 Rd4 29.b4 Rhd8
30.Rxd4 Bxd4 31.Rd1 exf2+ 32.Bxf2 Bxf2+ 33.Kxf2 Rxd1 34.Qxd1 Bb5 35.a4 Qxa4
36.Qxa4 Bxa4 37.c6 Kf6 38.c7 Nd6 39.Bb7 Bd7 40.Ba6 Bc8 41.b5 Ke5  0-1

[Event "zt 2.5"]
[Site "Las Condes CHI"]
[Date "2005.11.09"]
[Round "4"]
[White "Sepulveda,Jor"]
[Black "Giaccio,A"]
[Result "0-1"]
[WhiteElo "2241"]
[BlackElo "2468"]

1.e4 e6 2.d4 d5 3.Nd2 Be7 4.Bd3 c5 5.c3 cxd4 6.cxd4 dxe4 7.Nxe4 Nf6 8.Nf3 Nc6
9.O-O O-O 10.Nc3 b6 11.a3 Bb7 12.h3 Rc8 13.Bf4 Nd5 14.Nxd5 Qxd5 15.Re1 Rfd8
16.b4 g6 17.Be4 Qd7 18.Qd2 Bf6 19.Rad1 Ba8 20.d5 exd5 21.Bxd5 Qf5 22.g4 Qd7
23.Ng5 Nd4 24.Bxa8 Rxa8 25.Be5 Bxe5 26.Rxe5 Qc7 27.Qe1 h6 28.Qe4 Nf3+ 29.Qxf3 Rxd1+
30.Qxd1 Qxe5 31.Nxf7 Qe6 32.Nd8 Qe4 33.Qd7 Qe1+ 34.Kg2 Qe4+ 35.Kg1 Qe1+ 36.Kg2 Qe5
37.Qf7+ Kh8 38.Ne6 Rg8 39.f4 Qb2+ 40.Kg1 Rc8 41.Nc5 bxc5 42.Qxg6 Qd4+ 43.Kg2 Qxf4
44.bxc5 Rd8  0-1

[Event "1st GM"]
[Site "Scanno ITA"]
[Date "2005.11.09"]
[Round "3"]
[White "Abergel,T"]
[Black "Farago,I"]
[Result "1/2-1/2"]
[WhiteElo "2436"]
[BlackElo "2512"]

1.e4 e6 2.d4 d5 3.Nd2 Be7 4.Bd3 Nf6 5.e5 Nfd7 6.Qg4 g6 7.h4 c5 8.c3 cxd4
9.cxd4 Nc6 10.Ne2 Qb6 11.Nf3  1/2-1/2

[Event "zt 2.5"]
[Site "Las Condes CHI"]
[Date "2005.11.10"]
[Round "7"]
[White "Pierrot,F"]
[Black "Rojas,L"]
[Result "1/2-1/2"]
[WhiteElo "2445"]
[BlackElo "2435"]

1.e4 e6 2.d4 d5 3.Nd2 a6 4.Bd3 c5 5.dxc5 Bxc5 6.Ngf3 Ne7 7.O-O O-O 8.Qe2 Nbc6
9.a3 Ng6 10.Nb3 Bb6 11.Re1 Bc7 12.Be3 Nf4 13.Bxf4 Bxf4 14.c3 Qb6 15.Qc2 g6
16.exd5 exd5 17.Nbd4 Bg4 18.h3 Bxf3 19.Nxf3 Rfe8 20.Bf1 Ne5 21.Nxe5  1/2-1/2

[Event "1st GM"]
[Site "Scanno ITA"]
[Date "2005.11.10"]
[Round "5"]
[White "Mogranzini,R"]
[Black "Farago,I"]
[Result "0-1"]
[WhiteElo "2353"]
[BlackElo "2512"]

1.e4 e6 2.d4 d5 3.Nd2 Be7 4.Bd3 c5 5.dxc5 Nf6 6.Qe2 Nc6 7.Ngf3 a5 8.a4 Nb4
9.O-O O-O 10.Nb3 b6 11.e5 Nd7 12.c6 Nxc6 13.c3 Nc5 14.Nxc5 bxc5 15.Rd1 f5
16.exf6 Bxf6 17.Qc2 g6 18.Bh6 Bg7 19.Bxg7 Kxg7 20.Bb5 Bb7 21.Qe2 Qd6 22.Re1 Rf6
23.Ng5 Nd8 24.Rad1 Qf4 25.Nh3 Qc7 26.Ng5 Qf4 27.Nh3 Qc7 28.Ng5 h6 29.Ne4 Rf4
30.Ng3 Rf6 31.Ne4 Rf4 32.Ng3 Ra7 33.Qe3 Bc8 34.f3 Rf6 35.Nh1 Nf7 36.Nf2 h5
37.Nd3 c4 38.Nc1 Nd6 39.Ne2 Nf5 40.Qf2 Rb7 41.Nd4 Nxd4 42.Rxd4 Bd7 43.Bxd7 Qxd7
44.Qc2 Qd6 45.Qd2 Qc6 46.Ra1 Qb6  0-1

[Event "WJun"]
[Site "Instanbul TUR"]
[Date "2005.11.11"]
[Round "3"]
[White "Lettieri,G"]
[Black "Sengupta,D"]
[Result "1-0"]
[WhiteElo "2265"]
[BlackElo "2400"]

1.e4 e6 2.d4 d5 3.Nd2 Be7 4.Bd3 dxe4 5.Nxe4 Nf6 6.Nf3 Nbd7 7.Qe2 h6 8.Bd2 c6
9.O-O-O Qc7 10.Nxf6+ Nxf6 11.Ne5 Bd7 12.f4 Rf8 13.Rhe1 O-O-O 14.f5 Bd6 15.Nxf7 Rde8
16.Nxd6+ Qxd6 17.Qe5 Qxe5 18.dxe5 Nd5 19.c4 Nb6 20.f6 gxf6 21.Bxh6 Rf7 22.Bg6 Rh8
23.Bxf7 Rxh6 24.b3 f5 25.g4 fxg4 26.Re2 c5 27.Rf1 Rh3 28.Rf6 g3 29.hxg3 Rxg3
30.Bxe6 Bxe6 31.Rxe6 Kd7 32.Rh6 Rg7 33.e6+ Ke7 34.Rh5  1-0

[Event "Bundesliga 2005-6"]
[Site "Koeln GER"]
[Date "2005.11.11"]
[Round "7"]
[White "Hansen,Cu"]
[Black "Schmidt,Bo"]
[Result "1-0"]
[WhiteElo "2607"]
[BlackElo "2332"]

1.e4 e6 2.d4 d5 3.Nd2 Be7 4.Ngf3 Nf6 5.e5 Nfd7 6.Bd3 c5 7.c3 cxd4 8.cxd4 Nc6
9.O-O Nb6 10.Re1 a5 11.Nf1 a4 12.Ng3 Bd7 13.h4 Bxh4 14.Nh5 Kf8 15.Nxh4 Qxh4
16.g3 Qxd4 17.Be3 Qb4 18.Rc1 d4 19.Bd2 Qxb2 20.Rb1 Qa3 21.Qg4 g6 22.Bh6+ Ke8
23.Nf6+ Kd8 24.Rxb6 Qxd3 25.Rxb7 Bc8 26.Rxf7 Qf5 27.Qh4 g5 28.Bxg5 Ne7 29.Qxd4+  1-0

[Event "British Rapidplay"]
[Site "Halifax ENG"]
[Date "2005.11.12"]
[Round "1"]
[White "Haslinger,S"]
[Black "Tidman,S"]
[Result "1-0"]
[WhiteElo "2426"]
[BlackElo "2106"]

1.e4 e6 2.d4 d5 3.Nd2 Be7 4.Ngf3 Nf6 5.e5 Nfd7 6.Bd3 c5 7.O-O Nc6 8.Re1 c4
9.Be2 a5 10.a4 O-O 11.Nf1 f6 12.exf6 Nxf6 13.c3 Bd6 14.b3 Ne4 15.Qc2 cxb3
16.Qxb3 Qf6 17.Bd3 Qg6 18.Bxe4 dxe4 19.Ng5 Bf4 20.Nxe4 Kh8 21.Bxf4 Rxf4 22.Nd6 e5
23.dxe5 Bh3 24.Ng3 Nxe5 25.Rxe5 Qxd6 26.Qxb7 Raf8 27.Qd5 Qb6 28.Qc5 Qb2 29.Rf1 Bd7
30.Nh5 Rxf2 31.Qxf8+  1-0